Probabilites

Αποθηκεύτηκε σε:
Λεπτομέρειες βιβλιογραφικής εγγραφής
Κύριος συγγραφέας: Gely, Bernard
Μορφή: Βιβλίο
Γλώσσα:French
Δημοσίευση: Paris : Cle international, 1978.
Σειρά:Francais fonctionnel
Θέματα:
Ετικέτες: Προσθήκη ετικέτας
Δεν υπάρχουν, Καταχωρήστε ετικέτα πρώτοι!

MARC

LEADER 00000cam a2200000 i 4500
001 1/853
008 950705s1978 fr | ||| |||| ||fre||
020 |a 031204 
035 |l 10014227 
040 |a GR-MyUa  |b gre  |e AACR2 
041 0 |a fre 
082 7 |a 519.2   |2 (22) 
100 1 |a Gely, Bernard. 
245 1 0 |a Probabilites /   |c Bernard Gely. 
260 |a Paris :   |b Cle international,   |c 1978. 
300 |a 23 σ. :   |b εικ. ;   |c 27 εκ. 
490 1 |a (Francais fonctionnel) 
504 |a Περιλαμβάνει βιβλιογραφικές παραπομπές. 
650 0 0 |a Probabilities. 
830 0 |a Francais fonctionnel 
852 |a INST  |b LESVOS  |e 19950705  |h 519.2 GEL  |p 005100007977  |q 005100007977  |t BK  |y 0 
970 |z 2000/05/ΟΙΚΟΝΟΜΟΠΟΥΛΟΥ ΧΡΙΣΤΙΝΑ